000 00233nam a22000857a 4500
008 170113b xxu||||| |||| 00| 0 eng d
100 _92384
_aPereira. S
245 _aFrank Environmenatl Studies-1
260 _aNew Delhi
_bFrank Brothers
_c2007
999 _c5388
_d5388